000 00313nam a22001337a 4500
008 180226b xxu||||| |||| 00| 0 eng d
020 _a1928896197
041 _aeng
080 _a376.9
100 _a25
101 _aEDU
245 _aRELATIONSNSHIP THE HEART OF QUALITY CARE
_cAMY.C.B
942 _2udc
_cBK
999 _c43517
_d43517